Detalles MARC
| 000 -CABECERA |
| campo de control de longitud fija |
01079nam a2200253 a 4500 |
| 001 - NÚMERO DE CONTROL |
| campo de control |
000048517 |
| 003 - IDENTIFICADOR DEL NÚMERO DE CONTROL |
| campo de control |
DO-SdBNP |
| 005 - FECHA Y HORA DE LA ÚLTIMA TRANSACCIÓN |
| campo de control |
20211008112142.0 |
| 007 - CAMPO FIJO DE DESCRIPCIÓN FÍSICA--INFORMACIÓN GENERAL |
| campo de control de longitud fija |
ta |
| 008 - DATOS DE LONGITUD FIJA--INFORMACIÓN GENERAL |
| campo de control de longitud fija |
190326s2014 dr ac fr 001 m spa d |
| 040 ## - FUENTE DE LA CATALOGACIÓN |
| Centro catalogador/agencia de origen |
DO-SdBNP |
| Lengua de catalogación |
spa |
| Centro/agencia transcriptor |
BNPHU |
| 082 #4 - NÚMERO DE LA CLASIFICACIÓN DECIMAL DEWEY |
| Número de clasificación |
BNPHU |
| Número de documento/Ítem |
C764d |
| 100 1# - ENTRADA PRINCIPAL--NOMBRE DE PERSONA |
| Nombre de persona |
Contreras, Lourdes |
| 9 (RLIN) |
2759 |
| 245 10 - MENCIÓN DE TÍTULO |
| Título |
Diplomado género, educación y desarrollo / |
| Mención de responsabilidad, etc. |
Lourdes Contreras ; edición Ana Clara Trinidad ; ilustraciones Lorena Espinosa. |
| 260 ## - PUBLICACIÓN, DISTRIBUCIÓN, ETC. |
| Lugar de publicación, distribución, etc. |
Santo Domingo : |
| Nombre del editor, distribuidor, etc. |
Centro de Estudios de Género, |
| -- |
Instituto Tecnológico de Santo Domingo, |
| Fecha de publicación, distribución, etc. |
2014. |
| 300 ## - DESCRIPCIÓN FÍSICA |
| Extensión |
v. : |
| Otras características físicas |
il., rests. ; |
| Dimensiones |
28 cm. |
| 500 ## - NOTA GENERAL |
| Nota general |
La biblioteca posee el módulo 1 |
| 504 ## - NOTA DE BIBLIOGRAFÍA, ETC. |
| Nota de bibliografía, etc. |
Bibliografía : p. 85-86 |
| 505 0# - NOTA DE CONTENIDO CON FORMATO |
| Nota de contenido con formato |
Módulo 1 -- |
| Título |
Entendiendo el género en la vida de maestras, maestros y estudiantado -- |
| -- |
Identidades y relaciones sociales -- |
| -- |
Género y relaciones de género -- |
| -- |
Introducción al análisis de género -- |
| -- |
Anexo. |
| 590 ## - NOTA LOCAL (RLIN) |
| Nota local |
Inventariado, 2019/LP |
| 700 1# - PUNTO DE ACCESO ADICIONAL--NOMBRE DE PERSONA |
| Nombre de persona |
Trinidad, Ana Clara, |
| Término indicativo de función/relación |
ed. |
| 9 (RLIN) |
75935 |
| 700 1# - PUNTO DE ACCESO ADICIONAL--NOMBRE DE PERSONA |
| Nombre de persona |
Espinosa, Lorena, |
| Término indicativo de función/relación |
il. |
| 9 (RLIN) |
75936 |
| 942 ## - ELEMENTOS DE PUNTO DE ACCESO ADICIONAL (KOHA) |
| Fuente del sistema de clasificación o colocación |
Dewey Decimal Classification |
| Tipo de ítem Koha |
Libro |